| 000 | 00378nam a2200133Ia 4500 | ||
|---|---|---|---|
| 008 | 230411s9999 xx 000 0 und d | ||
| 041 | _aeng | ||
| 082 | _aAD/362.173078/LLE/MAC/B05654 | ||
| 100 |
_aMacaulay H & Llewellyn R _9177128 |
||
| 245 | _aHospital Planning And Administration | ||
| 260 |
_bJaypee Brothers _aNew Delhi _c1995 |
||
| 300 | _a215p | ||
| 999 |
_c156162 _d156162 |
||